header

Urban livelihoods (Record no. 81549)

MARC details
000 -LEADER
fixed length control field 01382nam a2200349Ia 4500
082 04 - DEWEY DECIMAL CLASSIFICATION NUMBER
Classification number 362.5091732091724
245 00 - TITLE STATEMENT
Title Urban livelihoods
260 ## - PUBLICATION, DISTRIBUTION, ETC. (IMPRINT)
Place of publication London :
Name of publisher Earthscan,
Year of publication 2002.
300 ## - PHYSICAL DESCRIPTION
Number of Pages xxi, 306 p. :
Other physical details ill.
500 ## - GENERAL NOTE
General note On cover: DFID.
650 #0 - SUBJECT ADDED ENTRY--TOPICAL TERM
Topical Term Community development, Urban
Topical Term Urban poor
700 1# - ADDED ENTRY--PERSONAL NAME
Personal name Rakodi, Carole.
856 40 - ELECTRONIC LOCATION AND ACCESS
Uniform Resource Identifier http://site.ebrary.com/lib/rucke/Doc?id=10128883

No items available.

© 2026 Rongo University
Contact us: librarian | system librarian | Rongo university